00975cam a2200277 a 450000100090000000300050000900500170001400800410003101000170007202000340008903500230012303800110014604000180015704200080017505000280018308200160021110000270022724500360025426000300029030000210032050000620034150000530040365000530045685600900050985600980059913220327Nust20180723070708.0010316s2001 enk 000 1 eng  a 2003447717 a9780143066392 (pbk.)cRs. 476 a(UkLWHE)b000104746 aArshad aDLCcDLCdDLC apcc00aPR6103.H36548bM57 200100a823.92bCHA1 aChandraratna, Bandula.10aMirage /cBandula Chandraratna. aLondon :bPhoenix,c2001. a214 p. ;c20 cm. aOriginally published: Oundle : Serendip Publishers, 1998. a"Revised edition published in 2000"--T.p. verso. 0aVillage communitieszIslamic countriesvFiction.423Publisher descriptionuhttp://www.loc.gov/catdir/description/orion051/2003447717.html423Contributor biographical informationuhttp://www.loc.gov/catdir/bios/orion051/2003447717.html